000 00720nam a2200229 4500
001 29354
003 BD-RjUL
005 20211209051413.0
008 140403r19701957nyu b 001 0 eng
035 _a(BD-RjUL)
040 _aDLC
_cDLC
_dBD-RjUL
_beng
041 _aeng
082 0 0 _a956.101
_bRAY 1970
100 1 _aRamsaur, Ernest Edmondson.
_985392
245 1 4 _aThe Young Turks :
_bprelude to the revolution of 1908 /
_cErnest Edmondson Ramsaur
260 _aNew York :
_bRussell & Russell,
_cc1957 [Reissued 1970].
300 _axii, 180 p. ;
_c23 cm.
504 _aInclude bibliography and index.
651 0 _aTurkey
_xPolitics and government
_y1878-1909.
_985394
942 _2ddc
_cBK
999 _c29354
_d29354